000
00299nam a22001337a 4500
008
170907b xxu||||| |||| 00| 0 eng d
020
_a
9789951550154
041
_a
alb
080
_a
72
100
_a
41
101
_a
ARK
245
_a
MODERNIZMI NĂ‹ FERIZAJ, 1960-1990
_c
ELEZI,K
942
_2
udc
_c
BK
999
_c
26461
_d
26461